| 000 | 00751cam a22002771 4500 | ||
|---|---|---|---|
| 001 | 1219568 | ||
| 003 | OSt | ||
| 005 | 20140310182012.0 | ||
| 008 | 780328r19441944nyua j 000 1 eng | ||
| 010 | _a 44008234 | ||
| 020 | _a0670586757 | ||
| 040 |
_aDLC _cDLC _dDLC |
||
| 042 | _alcac | ||
| 050 | 0 | 0 |
_aPZ 10.3 _b.L39 1977 |
| 082 | 0 | 0 |
_aKF _bL44r 1977 |
| 100 | 1 |
_aLawson, Robert _d1892-1957. _96164 |
|
| 245 | 1 | 0 |
_aRabbit hill / _cRobert Lawson. |
| 260 |
_aNew York : _bPenguin Group, _cc1977. |
||
| 300 |
_a127 p. : _bill. ; _c24 cm. |
||
| 541 | _j1 | ||
| 562 | _e1 | ||
| 650 | 0 |
_aAnimals _xJuvenile fiction. _96165 |
|
| 650 | 1 |
_aAnimals _xFiction. _96166 |
|
| 906 |
_a7 _bcbc _corignew _d1 _eocip _f19 _gy-gencatlg |
||
| 942 |
_2lcc _cBK-KF _kKF |
||
| 999 |
_c8170 _d8170 |
||